| 000 | 00520nam a2200181 4500 | ||
|---|---|---|---|
| 003 | SEACOMMC | ||
| 005 | 20231018105955.0 | ||
| 008 | 231018b |||||||| |||| 00| 0 eng d | ||
| 020 | _cRs. 295.00 | ||
| 040 | _aSEACOMMC | ||
| 082 |
_a003 _bEDW |
||
| 100 | 1 | _aEdwards, Lewin A. R. W. | |
| 245 | 1 |
_aEmbedded system design on a shoestring _bachieving high performance with a limited budget _cLewin A. R. W. Edwards |
|
| 260 |
_aNew Delhi _bElsevier _c2005 |
||
| 650 | _aComputer science | ||
| 650 | _aSystems | ||
| 942 | _cBOOK | ||
| 999 |
_c270 _d270 |
||